000
00303nam a22001097a 4500
082
_a
621.3192 HAR'T
100
_a
RALPH, F,MORNET, P,HARTLLEY, G. C
_9
80497
245
_a
TECHNIQUES OF PULSE CODE MODULATION IN COMMNICATIONS NETWORKS
260
_a
LONDON
_b
CAMBRIDGE
_c
1967
300
_a
110P
942
_c
BK
999
_c
585421
_d
585421